[Event "DVM U20w 2023"]
[Site "Magdeburg GER"]
[Date "2023.12.29"]
[Round "5"]
[White "Margaryan, Susanna"]
[Black "Neumeier, Valentina"]
[Result "1-0"]
[Termination "normal"]
[Board "3.2"]
[WhiteElo "1464"]
[BlackElo "1546"]
[WhiteClock "00:54:30"]
[BlackClock "00:08:32"]
[WhiteTeam "Elmshorner SC 1896"]
[BlackTeam "SK Kelheim 1920"]
[PlyCount "143"]
[WhiteFideId "16268210"]
[BlackFideId "34608222"]
[EventCountry "GER"]
[EventRounds "7"]
[EventType "team-swiss"]
[EventDate "2023.12.26"]

1. Nf3 {[%clk 01:30:00]} {[%emt 00:00:59]} Nf6 {[%clk 01:30:53]} {[%emt
00:00:08]} 2. c4 {[%clk 01:30:21]} {[%emt 00:00:09]} e6 {[%clk 01:31:18]}
{[%emt 00:00:04]} 3. d4 {[%clk 01:30:48]} {[%emt 00:00:04]} d5 {[%clk
01:31:41]} {[%emt 00:00:07]} 4. Nc3 {[%clk 01:30:46]} {[%emt 00:00:31]} c6
{[%clk 01:32:03]} {[%emt 00:00:08]} 5. Bg5 {[%clk 01:30:40]} {[%emt 00:00:36]}
Be7 {[%clk 01:32:25]} {[%emt 00:00:09]} 6. e3 {[%clk 01:30:54]} {[%emt
00:00:16]} Nbd7 {[%clk 01:32:46]} {[%emt 00:00:08]} 7. c5 {[%clk 01:30:54]}
{[%emt 00:00:31]} e5 {[%clk 01:33:10]} {[%emt 00:00:06]} 8. b4 {[%clk
01:26:06]} {[%emt 00:05:17]} Ne4 {[%clk 01:13:27]} {[%emt 00:20:13]} 9. Nxe4
{[%clk 01:24:09]} {[%emt 00:02:26]} dxe4 {[%clk 01:13:39]} {[%emt 00:00:19]}
10. Bxe7 {[%clk 01:24:25]} {[%emt 00:00:14]} Qxe7 {[%clk 01:14:01]} {[%emt
00:00:08]} 11. Nxe5 {[%clk 01:24:40]} {[%emt 00:00:15]} Nxe5 {[%clk 01:13:19]}
{[%emt 00:01:12]} 12. dxe5 {[%clk 01:24:54]} {[%emt 00:00:16]} Qxe5 {[%clk
01:13:41]} {[%emt 00:00:08]} 13. Qd4 {[%clk 01:24:24]} {[%emt 00:01:01]} Qxd4
{[%clk 01:12:18]} {[%emt 00:01:53]} 14. exd4 {[%clk 01:24:47]} {[%emt
00:00:07]} Be6 {[%clk 01:12:07]} {[%emt 00:00:41]} 15. a3 {[%clk 01:23:02]}
{[%emt 00:02:14]} Rd8 {[%clk 01:10:51]} {[%emt 00:01:46]} 16. Rd1 {[%clk
01:21:56]} {[%emt 00:01:37]} Rd7 {[%clk 01:07:15]} {[%emt 00:04:06]} 17. Ke2
{[%clk 01:19:25]} {[%emt 00:03:01]} O-O {[%clk 01:06:01]} {[%emt 00:01:44]} 18.
Ke3 {[%clk 01:19:38]} {[%emt 00:00:16]} f5 {[%clk 01:05:24]} {[%emt 00:01:08]}
19. g3 {[%clk 01:18:31]} {[%emt 00:01:36]} Re7 {[%clk 01:04:41]} {[%emt
00:01:13]} 20. h4 {[%clk 01:16:34]} {[%emt 00:02:27]} h6 {[%clk 01:03:39]}
{[%emt 00:01:33]} 21. Rc1 {[%clk 01:16:26]} {[%emt 00:00:38]} g5 {[%clk
01:00:14]} {[%emt 00:03:55]} 22. Bc4 {[%clk 01:14:17]} {[%emt 00:02:38]} f4+
{[%clk 00:55:02]} {[%emt 00:05:42]} 23. gxf4 {[%clk 01:12:01]} {[%emt
00:02:46]} gxf4+ {[%clk 00:55:11]} {[%emt 00:00:21]} 24. Ke2 {[%clk 01:10:35]}
{[%emt 00:01:56]} Bxc4+ {[%clk 00:48:19]} {[%emt 00:07:22]} 25. Rxc4 {[%clk
01:09:45]} {[%emt 00:01:21]} Rg7 {[%clk 00:44:05]} {[%emt 00:04:44]} 26. Rcc1
{[%clk 01:07:38]} {[%emt 00:02:37]} Rd8 {[%clk 00:43:27]} {[%emt 00:01:07]} 27.
Rcd1 {[%clk 01:05:46]} {[%emt 00:02:23]} h5 {[%clk 00:32:35]} {[%emt 00:11:21]}
28. Rhg1 {[%clk 01:03:55]} {[%emt 00:02:22]} Kf7 {[%clk 00:19:31]} {[%emt
00:13:34]} 29. Rxg7+ {[%clk 01:00:37]} {[%emt 00:03:48]} Kxg7 {[%clk 00:19:59]}
30. a4 {[%clk 00:59:43]} {[%emt 00:01:25]} a6 {[%clk 00:19:22]} {[%emt
00:01:07]} 31. b5 {[%clk 00:58:44]} {[%emt 00:01:28]} Kf6 {[%clk 00:16:10]}
{[%emt 00:03:42]} 32. bxa6 {[%clk 00:57:30]} {[%emt 00:01:44]} bxa6 {[%clk
00:16:28]} {[%emt 00:00:13]} 33. f3 {[%clk 00:51:03]} {[%emt 00:06:57]} Kf5
{[%clk 00:13:42]} {[%emt 00:03:16]} 34. Rd2 {[%clk 00:47:29]} {[%emt 00:04:03]}
e3 {[%clk 00:10:15]} {[%emt 00:03:58]} 35. Rd1 {[%clk 00:47:41]} {[%emt
00:00:17]} Ke6 {[%clk 00:09:18]} {[%emt 00:01:25]} 36. Kd3 {[%clk 00:47:09]}
{[%emt 00:01:04]} Kd5 {[%clk 00:05:33]} {[%emt 00:04:15]} 37. Rg1 {[%clk
00:47:03]} {[%emt 00:00:37]} Rb8 {[%clk 00:04:17]} {[%emt 00:01:45]} 38. Rg5+
{[%clk 00:47:02]} {[%emt 00:00:31]} Ke6 {[%clk 00:04:31]} {[%emt 00:00:13]} 39.
Rxh5 {[%clk 00:44:29]} {[%emt 00:03:06]} Rb2 {[%clk 00:03:52]} {[%emt
00:01:09]} 40. Re5+ {[%clk 00:42:35]} {[%emt 00:02:24]} Kf6 {[%clk 00:01:41]}
{[%emt 00:02:39]} 41. Ke4 {[%clk 00:42:39]} {[%emt 00:00:29]} Rb4 {[%clk
00:30:07]} {[%emt 00:02:01]} 42. Rg5 {[%clk 01:03:28]} {[%emt 00:09:43]} Rxa4
{[%clk 00:22:36]} {[%emt 00:08:01]} 43. Rg2 {[%clk 00:59:32]} {[%emt 00:04:26]}
Rb4 {[%clk 00:20:06]} {[%emt 00:03:00]} 44. h5 {[%clk 00:59:20]} {[%emt
00:00:42]} a5 {[%clk 00:19:46]} {[%emt 00:00:49]} 45. h6 {[%clk 00:59:16]}
{[%emt 00:00:35]} Rb8 {[%clk 00:19:56]} {[%emt 00:00:19]} 46. Kxf4 {[%clk
00:58:27]} {[%emt 00:01:20]} Re8 {[%clk 00:19:54]} {[%emt 00:00:31]} 47. h7
{[%clk 00:58:24]} {[%emt 00:00:35]} Rh8 {[%clk 00:19:38]} {[%emt 00:00:45]} 48.
Kxe3 {[%clk 00:58:43]} {[%emt 00:00:11]} Rxh7 {[%clk 00:20:00]} {[%emt
00:00:07]} 49. Ra2 {[%clk 00:58:43]} {[%emt 00:00:31]} Ra7 {[%clk 00:20:14]}
{[%emt 00:00:16]} 50. Ra3 {[%clk 00:58:16]} {[%emt 00:00:57]} Kf5 {[%clk
00:20:14]} {[%emt 00:00:30]} 51. Kd3 {[%clk 00:58:01]} {[%emt 00:00:46]} Kf6
{[%clk 00:20:02]} {[%emt 00:00:41]} 52. Kc4 {[%clk 00:58:18]} {[%emt 00:00:14]}
Ke6 {[%clk 00:20:25]} {[%emt 00:00:06]} 53. Re3+ {[%clk 00:58:22]} {[%emt
00:00:26]} Kf5 {[%clk 00:19:31]} {[%emt 00:01:23]} 54. d5 {[%clk 00:57:09]}
{[%emt 00:01:44]} cxd5+ {[%clk 00:16:15]} {[%emt 00:03:46]} 55. Kxd5 {[%clk
00:57:28]} {[%emt 00:00:12]} a4 {[%clk 00:16:04]} {[%emt 00:00:40]} 56. Ra3
{[%clk 00:57:47]} {[%emt 00:00:11]} Rd7+ {[%clk 00:15:56]} {[%emt 00:00:38]}
57. Kc6 {[%clk 00:58:01]} {[%emt 00:00:17]} Rd4 {[%clk 00:13:03]} {[%emt
00:03:22]} 58. Kb5 {[%clk 00:57:56]} {[%emt 00:00:36]} Rf4 {[%clk 00:13:11]}
{[%emt 00:00:21]} 59. Rxa4 {[%clk 00:56:34]} {[%emt 00:01:52]} Rxf3 {[%clk
00:13:32]} {[%emt 00:00:09]} 60. c6 {[%clk 00:55:02]} {[%emt 00:02:02]} Ke6
{[%clk 00:13:25]} {[%emt 00:00:34]} 61. Rb4 {[%clk 00:54:10]} {[%emt 00:01:26]}
Kd6 {[%clk 00:12:23]} {[%emt 00:01:31]} 62. Kb6 {[%clk 00:54:15]} {[%emt
00:00:25]} Rf7 {[%clk 00:11:33]} {[%emt 00:01:19]} 63. Rd4 {[%clk 00:54:33]}
{[%emt 00:00:13]} Ke5 {[%clk 00:11:26]} {[%emt 00:00:37]} 64. Rd7 {[%clk
00:53:16]} {[%emt 00:01:48]} Rf6 {[%clk 00:11:38]} {[%emt 00:00:18]} 65. Kb7
{[%clk 00:52:26]} {[%emt 00:01:19]} Ke6 {[%clk 00:11:41]} {[%emt 00:00:26]} 66.
Rd1 {[%clk 00:52:46]} {[%emt 00:00:11]} Rf2 {[%clk 00:11:14]} {[%emt 00:00:57]}
67. Rb1 {[%clk 00:52:48]} {[%emt 00:00:29]} Kd6 {[%clk 00:09:38]} {[%emt
00:02:06]} 68. c7 {[%clk 00:53:07]} {[%emt 00:00:11]} Rf7 {[%clk 00:09:59]}
{[%emt 00:00:08]} 69. Rd1+ {[%clk 00:53:25]} {[%emt 00:00:12]} Kc5 {[%clk
00:09:06]} {[%emt 00:01:23]} 70. Kb8 {[%clk 00:53:42]} {[%emt 00:00:13]} Rf8+
{[%clk 00:08:11]} {[%emt 00:01:26]} 71. c8=Q+ {[%clk 00:54:03]} {[%emt
00:00:08]} Rxc8+ {[%clk 00:08:32]} {[%emt 00:00:09]} 72. Kxc8 {[%clk 00:54:30]}
{[%emt 00:00:04]} 1-0

[Event "DVM U20w 2023"]
[Site "Magdeburg GER"]
[Date "2023.12.29"]
[Round "5"]
[White "Gubler, Katharina"]
[Black "Neitzel, Emma"]
[Result "1-0"]
[Termination "normal"]
[Board "3.3"]
[WhiteElo "1482"]
[BlackElo "1118"]
[WhiteClock "01:00:00"]
[BlackClock "00:55:17"]
[WhiteTeam "SK Kelheim 1920"]
[BlackTeam "Elmshorner SC 1896"]
[PlyCount "83"]
[WhiteFideId "16282990"]
[BlackFideId "16298373"]
[EventCountry "GER"]
[EventRounds "7"]
[EventType "team-swiss"]
[EventDate "2023.12.26"]

1. e4 {[%clk 01:30:57]} {[%emt 00:00:02]} d5 {[%clk 01:30:47]} {[%emt
00:00:14]} 2. exd5 {[%clk 01:31:21]} {[%emt 00:00:06]} Qxd5 {[%clk 01:31:08]}
{[%emt 00:00:08]} 3. Nc3 {[%clk 01:31:46]} {[%emt 00:00:05]} Qa5 {[%clk
01:31:31]} {[%emt 00:00:07]} 4. d4 {[%clk 01:31:53]} {[%emt 00:00:24]} c6
{[%clk 01:31:55]} {[%emt 00:00:06]} 5. Nf3 {[%clk 01:31:50]} {[%emt 00:00:32]}
Nf6 {[%clk 01:32:12]} {[%emt 00:00:13]} 6. Ne5 {[%clk 01:31:27]} {[%emt
00:00:53]} Nbd7 {[%clk 01:31:00]} {[%emt 00:01:42]} 7. Nc4 {[%clk 01:26:58]}
{[%emt 00:04:59]} Qc7 {[%clk 01:31:12]} {[%emt 00:00:18]} 8. a4 {[%clk
01:18:40]} {[%emt 00:08:49]} Nb6 {[%clk 01:24:28]} {[%emt 00:07:12]} 9. Qf3
{[%clk 01:12:02]} {[%emt 00:07:08]} Bg4 {[%clk 01:21:38]} {[%emt 00:03:19]} 10.
Qf4 {[%clk 01:07:59]} {[%emt 00:04:34]} Qxf4 {[%clk 01:21:39]} {[%emt
00:00:30]} 11. Bxf4 {[%clk 01:08:25]} {[%emt 00:00:05]} Nbd5 {[%clk 01:20:36]}
{[%emt 00:01:31]} 12. Be5 {[%clk 01:05:35]} {[%emt 00:03:21]} Nxc3 {[%clk
01:19:19]} {[%emt 00:01:47]} 13. bxc3 {[%clk 01:05:30]} {[%emt 00:00:36]} Nd5
{[%clk 01:15:16]} {[%emt 00:03:01]} 14. Ne3 {[%clk 01:05:19]} {[%emt 00:02:12]}
Nxe3 {[%clk 01:14:10]} {[%emt 00:01:35]} 15. fxe3 {[%clk 01:05:45]} {[%emt
00:00:05]} Bf5 {[%clk 01:12:58]} {[%emt 00:01:42]} 16. Bd3 {[%clk 01:04:38]}
{[%emt 00:01:37]} Bxd3 {[%clk 01:13:05]} {[%emt 00:00:22]} 17. cxd3 {[%clk
01:05:05]} {[%emt 00:00:04]} f6 {[%clk 01:13:10]} {[%emt 00:00:26]} 18. Bg3
{[%clk 01:05:15]} {[%emt 00:00:19]} e6 {[%clk 01:12:43]} {[%emt 00:00:57]} 19.
a5 {[%clk 01:05:02]} {[%emt 00:00:44]} a6 {[%clk 01:10:29]} {[%emt 00:02:43]}
20. Rb1 {[%clk 01:04:21]} {[%emt 00:01:11]} Ra7 {[%clk 01:10:47]} {[%emt
00:00:13]} 21. Bb8 {[%clk 01:04:18]} {[%emt 00:00:33]} Ra8 {[%clk 01:09:33]}
{[%emt 00:01:43]} 22. Rxb7 {[%clk 01:04:07]} {[%emt 00:00:41]} Be7 {[%clk
01:09:36]} {[%emt 00:00:26]} 23. O-O {[%clk 01:03:25]} {[%emt 00:01:12]} Kf7
{[%clk 01:07:12]} {[%emt 00:02:53]} 24. Bd6 {[%clk 01:02:52]} {[%emt 00:01:05]}
Rhe8 {[%clk 01:07:18]} {[%emt 00:00:23]} 25. Rfb1 {[%clk 01:02:47]} {[%emt
00:00:36]} Kf8 {[%clk 01:06:33]} {[%emt 00:01:15]} 26. Bxe7+ {[%clk 00:59:44]}
{[%emt 00:03:33]} Rxe7 {[%clk 01:06:44]} {[%emt 00:00:19]} 27. Rxe7 {[%clk
01:00:07]} {[%emt 00:00:07]} Kxe7 {[%clk 01:07:09]} {[%emt 00:00:04]} 28. Rb7+
{[%clk 01:00:29]} {[%emt 00:00:09]} Kf8 {[%clk 01:07:18]} {[%emt 00:00:20]} 29.
Rc7 {[%clk 01:00:12]} {[%emt 00:00:48]} Rb8 {[%clk 01:05:28]} {[%emt 00:02:19]}
30. Rxc6 {[%clk 01:00:06]} {[%emt 00:00:37]} Rb1+ {[%clk 01:04:57]} {[%emt
00:01:01]} 31. Kf2 {[%clk 01:00:27]} {[%emt 00:00:09]} Rb2+ {[%clk 01:05:11]}
{[%emt 00:00:15]} 32. Kf3 {[%clk 01:00:21]} {[%emt 00:00:37]} Rd2 {[%clk
01:05:15]} {[%emt 00:00:25]} 33. Rxe6 {[%clk 01:00:37]} {[%emt 00:00:15]} Rxd3
{[%clk 01:05:26]} {[%emt 00:00:19]} 34. c4 {[%clk 01:00:54]} {[%emt 00:00:13]}
Rc3 {[%clk 01:02:08]} {[%emt 00:03:47]} 35. c5 {[%clk 01:01:14]} {[%emt
00:00:11]} Kf7 {[%clk 01:01:14]} {[%emt 00:01:24]} 36. Rxa6 {[%clk 01:01:19]}
{[%emt 00:00:25]} Rc4 {[%clk 00:59:27]} {[%emt 00:02:16]} 37. Ra7+ {[%clk
01:01:04]} {[%emt 00:00:46]} Kg6 {[%clk 00:59:39]} {[%emt 00:00:18]} 38. Rb7
{[%clk 01:01:14]} {[%emt 00:00:21]} Ra4 {[%clk 00:59:43]} {[%emt 00:00:25]} 39.
Rb5 {[%clk 01:01:26]} {[%emt 00:00:18]} Ra1 {[%clk 00:58:55]} {[%emt 00:01:18]}
40. c6 {[%clk 00:59:20]} {[%emt 00:02:36]} Rc1 {[%clk 00:56:27]} {[%emt
00:02:57]} 41. Rc5 {[%clk 00:59:37]} {[%emt 00:00:14]} Rxc5 {[%clk 00:55:17]}
{[%emt 00:01:40]} 42. dxc5 {[%clk 01:00:00]} {[%emt 00:00:08]} 1-0

[Event "DVM U20w 2023"]
[Site "Magdeburg GER"]
[Date "2023.12.29"]
[Round "5"]
[White "Margaryan, Mane"]
[Black "Bangsa-Giesen, Citra"]
[Result "0-1"]
[Termination "normal"]
[Board "3.4"]
[WhiteElo "1217"]
[BlackElo "1469"]
[WhiteClock "00:30:10"]
[BlackClock "00:20:09"]
[WhiteTeam "Elmshorner SC 1896"]
[BlackTeam "SK Kelheim 1920"]
[PlyCount "42"]
[WhiteFideId "16268237"]
[BlackFideId "34605274"]
[EventCountry "GER"]
[EventRounds "7"]
[EventType "team-swiss"]
[EventDate "2023.12.26"]

1. d4 {[%clk 01:30:58]} Nf6 {[%clk 01:30:47]} {[%emt 00:00:14]} 2. c4 {[%clk
01:31:22]} {[%emt 00:00:06]} e6 {[%clk 01:31:10]} {[%emt 00:00:07]} 3. Nc3
{[%clk 01:31:38]} {[%emt 00:00:14]} b6 {[%clk 01:31:28]} {[%emt 00:00:12]} 4.
Nf3 {[%clk 01:31:45]} {[%emt 00:00:24]} Bb7 {[%clk 01:31:49]} {[%emt 00:00:08]}
5. Bg5 {[%clk 01:31:56]} {[%emt 00:00:20]} Be7 {[%clk 01:32:01]} {[%emt
00:00:17]} 6. e3 {[%clk 01:32:06]} {[%emt 00:00:20]} O-O {[%emt 00:00:20]} 7.
Bd3 {[%clk 01:32:17]} {[%emt 00:00:16]} d5 {[%clk 01:32:15]} {[%emt 00:00:29]}
8. O-O {[%clk 01:30:27]} {[%emt 00:02:20]} Nbd7 {[%clk 01:30:52]} {[%emt
00:01:53]} 9. a3 {[%clk 01:28:38]} {[%emt 00:02:19]} Ne4 {[%clk 01:27:27]}
{[%emt 00:03:56]} 10. Bxe7 {[%clk 01:27:18]} {[%emt 00:01:49]} Qxe7 {[%clk
01:26:33]} {[%emt 00:01:24]} 11. cxd5 {[%clk 01:21:19]} {[%emt 00:06:30]} exd5
{[%clk 01:22:12]} {[%emt 00:04:51]} 12. Qc2 {[%clk 01:19:31]} {[%emt 00:02:17]}
Rad8 {[%clk 01:15:19]} {[%emt 00:07:23]} 13. Rfd1 {[%clk 01:16:47]} {[%emt
00:03:09]} c5 {[%clk 00:49:08]} {[%emt 00:26:47]} 14. Nd2 {[%clk 01:11:41]}
{[%emt 00:05:35]} f5 {[%clk 00:43:00]} {[%emt 00:06:38]} 15. Ndxe4 {[%clk
00:54:24]} {[%emt 00:17:47]} fxe4 {[%clk 00:42:48]} {[%emt 00:00:42]} 16. Be2
{[%clk 00:52:20]} {[%emt 00:02:32]} Qh4 {[%clk 00:34:32]} {[%emt 00:08:48]} 17.
Bf1 {[%clk 00:45:56]} {[%emt 00:06:52]} Nf6 {[%clk 00:31:47]} {[%emt 00:03:17]}
18. h3 {[%clk 00:44:50]} {[%emt 00:01:37]} Bc8 {[%clk 00:26:08]} {[%emt
00:06:09]} 19. Be2 {[%clk 00:38:12]} {[%emt 00:07:06]} g5 {[%clk 00:20:45]}
{[%emt 00:05:54]} 20. Kf1 {[%clk 00:35:23]} {[%emt 00:03:19]} g4 {[%emt
00:01:23]} 21. hxg4 {[%clk 00:30:10]} {[%emt 00:05:41]} Qh1# {[%clk 00:20:09]}
{[%emt 00:00:15]} 0-1

[Event "DVM U20w 2023"]
[Site "Magdeburg GER"]
[Date "2023.12.29"]
[Round "5"]
[White "Adelhardt, Lisa"]
[Black "Pikki, Daria"]
[Result "1-0"]
[Termination "normal"]
[Board "4.1"]
[WhiteElo "1701"]
[BlackElo "1649"]
[WhiteClock "00:07:41"]
[BlackClock "01:11:19"]
[WhiteTeam "SC Garching 1980"]
[BlackTeam "SV Königsjäger Süd-West"]
[PlyCount "139"]
[WhiteFideId "16235380"]
[BlackFideId "16281306"]
[EventCountry "GER"]
[EventRounds "7"]
[EventType "team-swiss"]
[EventDate "2023.12.26"]

1. e4 {[%clk 01:30:41]} {[%emt 00:00:18]} e5 {[%clk 01:30:56]} {[%emt
00:00:04]} 2. Nf3 {[%clk 01:31:06]} {[%emt 00:00:05]} Nc6 {[%clk 01:31:23]}
{[%emt 00:00:04]} 3. Bc4 {[%clk 01:31:29]} {[%emt 00:00:07]} Bc5 {[%clk
01:31:46]} {[%emt 00:00:08]} 4. c3 {[%clk 01:31:05]} {[%emt 00:00:54]} Nf6
{[%clk 01:32:11]} {[%emt 00:00:04]} 5. d4 {[%clk 01:31:28]} {[%emt 00:00:07]}
exd4 {[%clk 01:32:31]} {[%emt 00:00:10]} 6. cxd4 {[%clk 01:31:51]} {[%emt
00:00:07]} Bb4+ {[%clk 01:32:53]} {[%emt 00:00:07]} 7. Bd2 {[%clk 01:31:40]}
{[%emt 00:00:42]} Bxd2+ {[%clk 01:33:02]} {[%emt 00:00:21]} 8. Nbxd2 {[%clk
01:31:44]} {[%emt 00:00:26]} d5 {[%clk 01:33:24]} {[%emt 00:00:08]} 9. exd5
{[%clk 01:31:42]} {[%emt 00:00:32]} Nxd5 {[%clk 01:33:49]} {[%emt 00:00:06]}
10. O-O {[%clk 01:32:01]} {[%emt 00:00:10]} O-O {[%emt 00:00:09]} 11. Qc2
{[%clk 01:25:39]} {[%emt 00:06:49]} Nf6 {[%clk 01:32:58]} {[%emt 00:01:44]} 12.
Rfe1 {[%clk 01:23:08]} {[%emt 00:03:01]} Bg4 {[%clk 01:27:21]} {[%emt
00:06:08]} 13. Qc3 {[%clk 01:22:39]} {[%emt 00:00:59]} Bh5 {[%clk 01:23:45]}
{[%emt 00:04:06]} 14. a3 {[%clk 01:11:33]} {[%emt 00:11:36]} Nd5 {[%clk
01:23:20]} {[%emt 00:00:55]} 15. Qc2 {[%clk 01:08:20]} {[%emt 00:03:43]} Bg6
{[%clk 01:21:14]} {[%emt 00:02:37]} 16. Bd3 {[%clk 01:05:08]} {[%emt 00:03:41]}
Bxd3 {[%clk 01:13:57]} {[%emt 00:07:47]} 17. Qxd3 {[%clk 01:05:11]} {[%emt
00:00:27]} Nf4 {[%clk 01:12:20]} {[%emt 00:02:07]} 18. Qf5 {[%clk 00:54:44]}
{[%emt 00:10:55]} Nd5 {[%clk 01:11:47]} {[%emt 00:01:04]} 19. Ne4 {[%clk
00:41:10]} {[%emt 00:14:04]} h6 {[%clk 01:10:01]} {[%emt 00:02:17]} 20. Rad1
{[%clk 00:38:29]} {[%emt 00:03:11]} Nce7 {[%clk 01:09:37]} {[%emt 00:00:54]}
21. Qe5 {[%clk 00:33:32]} {[%emt 00:05:26]} Re8 {[%clk 01:08:02]} {[%emt
00:02:06]} 22. Ng3 {[%clk 00:23:44]} {[%emt 00:10:17]} Qd7 {[%clk 01:06:11]}
{[%emt 00:02:21]} 23. Qe4 {[%clk 00:12:43]} {[%emt 00:11:31]} Ng6 {[%clk
01:03:34]} {[%emt 00:03:08]} 24. Ne5 {[%clk 00:10:47]} {[%emt 00:02:26]} Qb5
{[%clk 00:55:09]} {[%emt 00:08:55]} 25. Qd3 {[%clk 00:07:00]} {[%emt 00:04:16]}
Qxd3 {[%clk 00:55:13]} {[%emt 00:00:27]} 26. Nxd3 {[%clk 00:07:12]} {[%emt
00:00:18]} Rad8 {[%clk 00:54:30]} {[%emt 00:01:13]} 27. Rxe8+ {[%clk 00:06:20]}
{[%emt 00:01:22]} Rxe8 {[%clk 00:54:56]} {[%emt 00:00:05]} 28. Kf1 {[%clk
00:06:22]} {[%emt 00:00:27]} Ndf4 {[%clk 00:53:25]} {[%emt 00:02:01]} 29. Nxf4
{[%clk 00:05:49]} {[%emt 00:01:03]} Nxf4 {[%clk 00:53:51]} {[%emt 00:00:04]}
30. Rd2 {[%clk 00:05:54]} {[%emt 00:00:25]} c6 {[%clk 00:53:29]} {[%emt
00:00:53]} 31. Nf5 {[%clk 00:04:30]} {[%emt 00:01:53]} Nd5 {[%clk 00:52:36]}
{[%emt 00:01:23]} 32. Nd6 {[%clk 00:03:17]} {[%emt 00:01:43]} Re7 {[%clk
00:50:04]} {[%emt 00:03:03]} 33. f3 {[%clk 00:01:33]} {[%emt 00:02:13]} Rd7
{[%clk 00:49:11]} {[%emt 00:01:24]} 34. Ne4 {[%clk 00:00:39]} {[%emt 00:01:23]}
b6 {[%clk 00:48:20]} {[%emt 00:01:21]} 35. Kf2 {[%clk 00:00:47]} {[%emt
00:00:22]} Ne7 {[%clk 00:48:21]} {[%emt 00:00:30]} 36. Nc3 {[%clk 00:00:35]}
{[%emt 00:00:41]} Nf5 {[%clk 00:46:58]} {[%emt 00:01:54]} 37. d5 {[%clk
00:00:34]} {[%emt 00:00:31]} Ne7 {[%clk 00:44:39]} {[%emt 00:02:48]} 38. d6
{[%clk 00:00:33]} {[%emt 00:00:30]} Nc8 {[%clk 00:44:49]} {[%emt 00:00:21]} 39.
Ne4 {[%clk 00:00:33]} {[%emt 00:00:31]} f5 {[%clk 00:44:46]} {[%emt 00:00:32]}
40. Ng3 {[%clk 00:00:33]} {[%emt 00:00:30]} g6 {[%clk 00:44:29]} {[%emt
00:00:48]} 41. Rc2 {[%clk 00:27:02]} {[%emt 00:04:00]} Rxd6 {[%clk 01:14:29]}
{[%emt 00:00:30]} 42. h4 {[%clk 00:26:55]} {[%emt 00:00:36]} Ne7 {[%clk
01:13:15]} {[%emt 00:01:45]} 43. h5 {[%clk 00:26:42]} {[%emt 00:00:43]} g5
{[%clk 01:13:07]} {[%emt 00:00:38]} 44. Re2 {[%clk 00:26:49]} {[%emt 00:00:24]}
Kf7 {[%clk 01:10:22]} {[%emt 00:03:15]} 45. Rxe7+ {[%clk 00:22:13]} {[%emt
00:05:06]} Kxe7 {[%clk 01:10:37]} {[%emt 00:00:14]} 46. Nxf5+ {[%clk 00:22:37]}
{[%emt 00:00:06]} Ke6 {[%clk 01:11:02]} {[%emt 00:00:06]} 47. Nxd6 {[%clk
00:21:59]} {[%emt 00:01:07]} Kxd6 {[%clk 01:11:28]} {[%emt 00:00:03]} 48. Ke3
{[%clk 00:22:03]} {[%emt 00:00:26]} Ke5 {[%clk 01:11:34]} {[%emt 00:00:25]} 49.
b4 {[%clk 00:20:56]} {[%emt 00:01:37]} c5 {[%clk 01:11:27]} {[%emt 00:00:37]}
50. bxc5 {[%clk 00:17:56]} {[%emt 00:03:30]} bxc5 {[%clk 01:11:53]} {[%emt
00:00:04]} 51. g3 {[%clk 00:17:18]} {[%emt 00:01:08]} c4 {[%clk 01:11:06]}
{[%emt 00:01:17]} 52. a4 {[%clk 00:10:56]} {[%emt 00:06:52]} a5 {[%clk
01:11:16]} {[%emt 00:00:20]} 53. f4+ {[%clk 00:04:06]} {[%emt 00:07:19]} Kf5
{[%clk 01:09:04]} {[%emt 00:02:43]} 54. Kd4 {[%clk 00:03:09]} {[%emt 00:01:27]}
gxf4 {[%clk 01:07:40]} {[%emt 00:01:54]} 55. gxf4 {[%clk 00:03:28]} {[%emt
00:00:10]} Kg4 {[%clk 01:07:17]} {[%emt 00:00:54]} 56. Kxc4 {[%clk 00:03:25]}
{[%emt 00:00:34]} Kxh5 {[%clk 01:07:06]} {[%emt 00:00:39]} 57. Kd5 {[%clk
00:03:38]} {[%emt 00:00:17]} Kg4 {[%clk 01:07:17]} {[%emt 00:00:20]} 58. Ke5
{[%clk 00:03:55]} {[%emt 00:00:13]} h5 {[%clk 01:07:17]} {[%emt 00:00:30]} 59.
f5 {[%clk 00:04:21]} {[%emt 00:00:05]} h4 {[%clk 01:07:42]} {[%emt 00:00:04]}
60. f6 {[%clk 00:04:46]} {[%emt 00:00:05]} h3 {[%clk 01:08:10]} {[%emt
00:00:03]} 61. f7 {[%clk 00:04:58]} {[%emt 00:00:17]} h2 {[%clk 01:08:33]}
{[%emt 00:00:07]} 62. f8=Q {[%clk 00:05:18]} {[%emt 00:00:10]} h1=Q {[%clk
01:08:55]} {[%emt 00:00:08]} 63. Qg8+ {[%clk 00:04:47]} {[%emt 00:01:01]} Kh3
{[%clk 01:09:13]} {[%emt 00:00:12]} 64. Qh7+ {[%clk 00:05:12]} {[%emt
00:00:05]} Kg2 {[%clk 01:09:39]} {[%emt 00:00:03]} 65. Qxh1+ {[%clk 00:05:38]}
{[%emt 00:00:05]} Kxh1 {[%clk 01:10:03]} {[%emt 00:00:06]} 66. Kd5 {[%clk
00:06:03]} {[%emt 00:00:05]} Kg2 {[%clk 01:10:21]} {[%emt 00:00:12]} 67. Kc5
{[%clk 00:06:29]} {[%emt 00:00:05]} Kf3 {[%clk 01:10:35]} {[%emt 00:00:15]} 68.
Kb5 {[%clk 00:06:54]} {[%emt 00:00:05]} Ke4 {[%clk 01:10:59]} {[%emt 00:00:07]}
69. Kxa5 {[%clk 00:07:16]} {[%emt 00:00:08]} Kd5 {[%clk 01:11:19]} {[%emt
00:00:09]} 70. Kb6 {[%clk 00:07:41]} {[%emt 00:00:05]} 1-0